[Event "Northrop-Kemper"]
[Site "?"]
[Date "2003.12.12"]
[Round "?"]
[White "Elek, G."]
[Black "Olsen, Art"]
[Result "0-1"]
[WhiteElo "1073"]
[BlackElo "1549"]
[PlyCount "82"]

1. e4 e5 2. d4 exd4 3. Qxd4 Nc6 4. Qd3 Nf6 5. Nc3 d6 6. Bd2 Bd7 7. a3 Be7 8.
Nf3 O-O 9. O-O-O Re8 10. h3 Be6 11. g4 Nd7 12. Ng5 Bxg5 13. f4 Bf6 14. f5 Nde5
15. Qb5 Bc8 16. g5 Bxg5 17. Nd5 Bxd2+ 18. Rxd2 Nf3 19. Rf2 a6 20. Qe2 Nce5 21.
Bg2 c6 22. Ne3 Nd4 23. Qf1 Qb6 24. Qe1 Qc5 25. h4 Nd3+ 26. Kd1 Nxe1 27. Rxe1
Nxf5 28. Rf3 Nxe3+ 29. Rfxe3 Qh5+ 30. Kc1 Re5 31. Bf3 Bg4 32. Bg2 Rae8 33. Kb1
Qxh4 34. Rh1 Qf2 35. Rhe1 Qxg2 36. Rc3 Rxe4 37. Rc1 Re1 38. Rxe1 Rxe1+ 39. Ka2
Be6+ 40. b3 Qg1 41. a4 Ra1+ 0-1

[Event "Kings-Kemper"]
[Site "?"]
[Date "????.??.??"]
[Round "?"]
[White "Piparia, Jankesh"]
[Black "Hughes, Norm"]
[Result "1/2-1/2"]
[WhiteElo "1890"]
[BlackElo "1732"]
[PlyCount "41"]

1. e4 e5 2. Nf3 Nf6 3. Nxe5 d6 4. Nf3 Nxe4 5. d4 d5 6. Be2 Bd6 7. O-O O-O 8.
Nbd2 Nxd2 9. Bxd2 Re8 10. Bd3 Bg4 11. h3 Bh5 12. g4 Bg6 13. Bg5 Be7 14. Re1
Bxd3 15. Qxd3 Nc6 16. Bxe7 Nxe7 17. Re5 Ng6 18. Rh5 h6 19. Qf5 Ne7 20. Qf4 Ng6
21. Qf5 1/2-1/2

[Event "UOP-Kemper"]
[Site "?"]
[Date "2003.01.21"]
[Round "?"]
[White "Stevanovic, Mik"]
[Black "Siwek, Mark"]
[Result "1-0"]
[WhiteElo "2214"]
[BlackElo "1985"]
[PlyCount "25"]

1. Nc3 d5 2. e4 dxe4 3. Nxe4 Nd7 4. Bc4 Ngf6 5. Bxf7+ Kxf7 6. Ng5+ Kg8 7. Ne6
Qe8 8. Nxc7 Qd8 9. Nxa8 e5 10. d4 Bd6 11. dxe5 Bxe5 12. Nf3 Nf8 13. Qxd8 1-0

[Event "Kemper-UOP"]
[Site "?"]
[Date "2003.01.21"]
[Round "?"]
[White "Easton, Rich"]
[Black "Revelon , Lucas"]
[Result "1-0"]
[WhiteElo "1843"]
[BlackElo "1937"]
[PlyCount "47"]

1. d4 Nf6 2. Nf3 e6 3. Bg5 d5 4. e3 Nbd7 5. Bd3 Be7 {Diagram #} 6. Ne5 $5 {
a bit early} 6... c5 7. c3 Nxe5 8. dxe5 {Diagram #} 8... Nd7 9. Bxe7 Qxe7 10.
f4 Qh4+ 11. g3 Qh3 {Diagram # White has an edge as Black's minors don't have a
promising future. Meanwhile, White can build a natural Kingside attack after
Nd2-f3-g5, etc.} 12. Bf1 (12. Kf2 {to cover g2, and then Nd2 with idea of
Nf3-g5.  If Black stops Ng5 with h6, White has Be2 threatening to trap Queen
with Bg4. All White's moves listed, however, build a Kingside attack while
Black's are just weakening.}) 12... Qh6 13. Nd2 b6 14. Bg2 $5 O-O {Diagram #}
15. O-O (15. Nc4 $6 {The follow-up Nd6 ideally places the Knight.} 15... Ba6
16. Nd6 {Diagram #} {But Black undermines it with} 16... f6) 15... f6 16. exf6
Nxf6 17. e4 ({But now} 17. Nc4 $1 {will seat it at e5.}) 17... e5 {Diagram #}
18. fxe5 (18. exd5 $2 {Hasn't White won a Pawn ?} 18... Ng4 $1 {
threatening Ne3 fork and Qxh2#} (18... exf4 19. Rxf4 Bb7 20. c4)) 18... Ng4 {
Diagram #} 19. Rxf8+ $1 Kxf8 20. Nf1 Nxe5 21. Qxd5 {
Diagram # hitting two loose pieces} 21... Nc6 22. e5 Bb7 {Diagram #} 23. Qd7
Rb8 24. e6 {Diagram # White has two killer threats: Qf7# and Bxc6 followed by
Qd6+ to win the Rook.} 1-0

[Event "Kemper-UOP"]
[Site "?"]
[Date "2003.01.21"]
[Round "?"]
[White "Wang, Gary"]
[Black "Boldingh, Ed"]
[Result "0-1"]
[WhiteElo "1646"]
[BlackElo "1891"]
[PlyCount "56"]

1. e4 d5 2. exd5 Nf6 3. Nf3 Qxd5 4. Nc3 Qh5 5. d4 Bg4 6. Be2 Nc6 7. Bb5 O-O-O
8. Bxc6 bxc6 9. Qe2 Kb7 10. Be3 e6 11. O-O-O Qa5 12. Kb1 Bb4 13. Qc4 Bxc3 14.
Qxc3 Qxc3 15. bxc3 Bxf3 16. gxf3 Nd5 17. Rd3 Nb6 18. Ka1 Rd5 19. Rb1 Rb5 20.
Rb3 a5 21. Rd1 Rd8 22. Rg1 g6 23. Rgb1 Ka6 24. a4 Rf5 25. d5 Nxd5 26. Bc5 Rf4
27. Kb2 Rxa4 28. Kc1 Rc4 0-1

[Event "UOP-Kemper"]
[Site "?"]
[Date "2003.01.21"]
[Round "?"]
[White "Sajbel, Pat"]
[Black "Olsen, Art"]
[Result "1-0"]
[WhiteElo "1819"]
[BlackElo "1546"]
[PlyCount "113"]

1. c4 e5 2. Nc3 Be7 3. g3 Nf6 4. Bg2 O-O 5. d3 Nc6 6. Nf3 d6 7. e4 Bg4 8. h3
Bxf3 9. Bxf3 Nd7 10. Be3 Bg5 11. Qd2 Bxe3 12. fxe3 Qg5 13. Rg1 Qd8 14. O-O-O a6
15. Kb1 Rb8 16. d4 b5 17. cxb5 axb5 18. Rc1 Na7 19. Rgd1 Nf6 20. Nd5 Nxd5 21.
exd5 exd4 22. Qxd4 Nc8 23. Rf1 Ne7 24. Bh5 Rb7 25. Rc2 Ng6 26. h4 Ne5 27. Be2
Qd7 28. g4 Nxg4 29. Bxg4 Qe7 30. Bf5 Re8 31. Rg1 g6 32. Re2 Qe5 33. Qxe5 Rxe5
34. e4 Kf8 35. Bg4 f5 36. Bf3 Rb8 37. Rg5 Rbe8 38. h5 Kg7 39. hxg6 h6 40. Rxf5
R5e7 41. Rg2 Rh8 42. Kc2 Rf8 43. Rxf8 Kxf8 44. Kd3 Kg7 45. b3 Re5 46. a4 bxa4
47. bxa4 Re8 48. a5 Ra8 49. Bh5 Rxa5 50. Rf2 Ra3+ 51. Kc4 Rh3 52. Rf7+ Kg8 53.
Bg4 Rg3 54. Be6 Rxg6 55. Rf6+ Kg7 56. Rxg6+ Kxg6 57. Kb5 {
and White won the ending} 1-0

[Event "Kemper-UOP"]
[Site "?"]
[Date "2003.01.21"]
[Round "?"]
[White "Subeck, Jeff"]
[Black "Lechnick, Jay"]
[Result "0-1"]
[WhiteElo "1374"]
[BlackElo "1694"]
[PlyCount "56"]

1. e4 e6 2. Nf3 c5 3. Nc3 d5 4. d3 Nf6 5. Bg5 Be7 6. Bxf6 Bxf6 7. e5 Be7 8. d4
Nc6 9. Bb5 Bd7 10. a4 cxd4 11. Nxd4 Nxe5 12. Qh5 Ng6 13. g3 O-O 14. O-O-O Bxb5
15. Ndxb5 a6 16. Nxd5 exd5 17. Rxd5 Qb6 18. Nd4 Rad8 19. Nf5 Rxd5 20. Nh6+ gxh6
21. Qxd5 Qc6 22. Qd1 Rd8 23. Qf1 Qxa4 24. Kb1 Bf6 25. c3 Qe4+ 26. Kc1 Bg5+ 27.
f4 Nxf4 28. h4 Ne2# 0-1

[Event "Kemper-Excaliburs"]
[Site "?"]
[Date "2003.02.18"]
[Round "?"]
[White "Siwek, Mark"]
[Black "Inumerable, Florin"]
[Result "0-1"]
[WhiteElo "1985"]
[BlackElo "2257"]
[PlyCount "98"]

1. e4 g6 2. d4 Bg7 3. Nf3 d6 4. Nc3 Nf6 5. h3 O-O 6. Be3 c6 7. Qd2 b5 8. Bd3
Qc7 9. Bh6 e5 10. Bxg7 Kxg7 11. Ne2 a6 12. c3 Re8 13. O-O exd4 14. cxd4 Nxe4
15. Bxe4 Rxe4 16. Ng3 Re8 17. Qg5 Kh8 18. Rfe1 Be6 19. Qh6 Nd7 20. Ng5 Nf8 21.
Re4 f6 22. Nxe6 Rxe6 23. Rae1 Qf7 24. Qc1 Rc8 25. b4 d5 26. Rxe6 Nxe6 27. Qe3
Re8 28. Qc3 Qd7 29. Qf3 Kg7 30. Qg4 Kf7 31. Qh4 h5 32. Nxh5 gxh5 33. Qxh5+ Ke7
34. Qf5 Rf8 35. Qh7+ Rf7 36. Qf5 Kd6 37. Qh5 Ng5 38. h4 Rh7 39. Qe2 Ne4 40. f3
Ng3 41. Qf2 Nf5 42. Qb2 Re7 43. Rc1 Kc7 44. Qd2 Kb6 45. Qb2 Qd6 46. a4 Nxh4 47.
Qf2 Qf4 48. Ra1 Rg7 49. Kf1 Rxg2 0-1

[Event "Excaliburs-Kemper"]
[Site "?"]
[Date "2003.02.18"]
[Round "?"]
[White "Friske, Tom"]
[Black "Leong, Gee"]
[Result "1/2-1/2"]
[WhiteElo "2071"]
[BlackElo "1970"]
[PlyCount "76"]

1. d4 Nf6 2. c4 g6 3. Nc3 d5 4. cxd5 Nxd5 5. e4 Nxc3 6. bxc3 Bg7 7. Be3 O-O 8.
Qd2 c5 9. Nf3 Nc6 10. d5 Qa5 11. Rc1 Rd8 12. c4 Nb4 13. a3 Qxa3 14. Bxc5 Nc2+
15. Qxc2 Qxc5 16. Bd3 a5 17. O-O a4 18. Rb1 a3 19. Qa2 Bg4 20. Rb5 Qc7 21. Ne1
Rd6 22. Nc2 (22. c5 $2 Rda6 23. Nc2 Bd7) 22... Rda6 23. Rfb1 (23. f4 {/\e5})
23... Bb2 24. Ne3 Bc8 25. Nd1 Bd4 26. g3 Ra5 27. R5b3 Qd6 28. Nc3 Bc5 29. Ne2
$6 (29. Kg2 e6 (29... f5) 30. f4 exd5 31. cxd5 f5 32. e5) 29... e6 30. Kg2 exd5
31. cxd5 f5 32. f3 fxe4 33. fxe4 b6 $17 34. Rf1 Qe5 35. h3 Bd6 36. Bb1 b5 37.
Rbf3 b4 38. Nf4 $6 (38. Rf8+ $2 Bxf8 39. d6+ Be6 (39... Kg7 $4 40. Qf7+ Kh6 41.
Qxf8+)) (38. Nd4 $2 Qxd4 39. Rf8+ Kg7 (39... Bxf8 $4 40. d6+ Kg7 41. Qf7+ Kh6
42. Qxf8+ Kh5 43. g4+ Kh4 44. Qd8+ g5 45. Qf8 Qd2+ 46. Rf2 Qe1 47. Qh6#) 40.
R1f7+ Kh6 41. Qc2 $2 Bxf8 42. Qc1+ g5) 38... Bd7 {DRAW AGREED} 1/2-1/2

[Event "Kemper-Excaliburs"]
[Site "?"]
[Date "2003.02.18"]
[Round "?"]
[White "Easton, Rich"]
[Black "Sollano, Ely"]
[Result "1/2-1/2"]
[WhiteElo "1843"]
[BlackElo "1996"]
[PlyCount "96"]

1. d4 Nf6 2. Nf3 d6 3. Bg5 Ne4 4. Bh4 Nd7 5. Nbd2 Nef6 6. e3 g6 7. Be2 Bg7 8.
O-O O-O 9. h3 Rb8 10. c3 b5 11. Bg3 a5 12. Ne1 c5 13. Nd3 Qb6 14. dxc5 Nxc5 15.
Nxc5 Qxc5 16. Nb3 Qc7 17. Rc1 Bd7 18. c4 bxc4 19. Bxc4 Qb6 20. Rc2 Bf5 21. Bd3
Bd7 22. Nd2 Qa7 23. Nc4 Rfc8 24. b3 Be6 25. Nb2 Rxc2 26. Qxc2 Nd5 27. Na4 Rc8
28. Bc4 Nb4 29. Qe2 d5 30. Bd3 Bd7 31. Rd1 Bxa4 32. bxa4 Rc3 33. Bb5 Qc5 34.
Qf3 e6 35. Qf4 e5 36. Qg5 Qc7 37. a3 h6 38. Qg4 Rxa3 39. Qd7 Qc2 40. Qd8+ Kh7
41. Rf1 Rc3 42. Qxa5 Nd3 43. Bxd3 Rxd3 44. Qb5 d4 45. Bxe5 dxe3 46. fxe3 Rxe3
47. Bxg7 Kxg7 48. Qd7 Qc5 1/2-1/2

[Event "Excaliburs-Kemper"]
[Site "?"]
[Date "2003.02.18"]
[Round "?"]
[White "Sullivan, Jim"]
[Black "Hughes, Norm"]
[Result "1-0"]
[WhiteElo "1782"]
[BlackElo "1735"]
[PlyCount "57"]

1. d4 d5 2. c4 dxc4 3. Nc3 e5 4. d5 Nf6 5. e4 Bb4 6. Qa4+ Nc6 7. dxc6 Bxc3+ 8.
bxc3 O-O 9. Qxc4 Be6 10. Qe2 bxc6 11. Nf3 Qd6 12. Nd2 Qc5 13. Qe3 Qe7 14. Be2
Rfd8 15. O-O h6 16. Nb3 Rab8 17. Nc5 Rb6 18. h3 Bc8 19. a4 a5 20. Ba3 Qe8 21.
Rfd1 Rb8 22. Rxd8 Qxd8 23. Rd1 Qe8 24. c4 Be6 25. Qc3 Nd7 26. Nxd7 Bxd7 27.
Qxa5 Rb3 28. Qc5 Kh7 29. Qe7 1-0

[Event "Kemper-Excaliburs"]
[Site "?"]
[Date "2003.02.18"]
[Round "?"]
[White "Olsen, Art"]
[Black "Kogan, Greg"]
[Result "0-1"]
[WhiteElo "1546"]
[BlackElo "1792"]
[PlyCount "84"]

1. e4 c5 2. Nf3 d6 3. Bc4 Nf6 4. Nc3 a6 5. e5 dxe5 6. Nxe5 e6 7. Nf3 Be7 8. Be2
O-O 9. b3 Nc6 10. d3 Bd6 11. O-O b5 12. Ne4 Nxe4 13. dxe4 Qc7 14. Bb2 Rd8 15.
Qc1 Bf4 16. Qb1 Bb7 17. g3 Be5 18. c3 Bf6 19. Qc2 Ne5 20. Rad1 Nd7 21. Qb1 Be7
22. Bc1 Nf6 23. Rxd8+ Rxd8 24. Bf4 Qc6 25. e5 Nd5 26. Qc2 h6 27. Qc1 Nxf4 28.
Qxf4 g5 29. Qg4 Rd2 30. Re1 Rxa2 31. Kg2 a5 32. Bd3 a4 33. bxa4 Rxa4 34. Qh5 g4
35. Re3 gxf3+ 36. Kh3 Bg5 37. Re1 Qd5 38. Bg6 fxg6 39. Qxg6+ Kf8 40. Qh7 Re4
41. Qh8+ Ke7 42. Qh7+ Kd8 0-1

[Event "Excaliburs-Kemper"]
[Site "?"]
[Date "2003.02.18"]
[Round "?"]
[White "Weitz, Ron"]
[Black "Subeck, Jeff"]
[Result "1-0"]
[WhiteElo "1633"]
[BlackElo "1374"]
[PlyCount "93"]

1. e4 e5 2. c4 {Diagram #} 2... Nf6 3. Nc3 Bc5 4. g3 d6 5. Bg2 c6 {Diagram #}
6. Nge2 O-O 7. O-O Be6 8. d3 Na6 9. a3 Nc7 {Diagram #} 10. b4 $5 {I have quite
a bit of interest in White's play as I am a big fan of this Botvinnik English
variation. Yes, Ron has cleverly transposed to an English position from a
double Kingpawn opening!  His experience has yielded an interesting idea:
killing possible Queenside activity before concentrating on his real plan.}
10... Bb6 11. Kh1 {
Heralding White's true intentions-- f4 is obviously being prepared} (11. h3 {
Slows Blacks counterattack, but maybe weakens King a little.}) 11... Qe7 12. f4
Ng4 {Diagram #} 13. Qe1 Ne3 14. Bxe3 Bxe3 15. f5 Bd7 16. Rf3 Bb6 {
Diagram # White is building a dream position.} 17. Qd2 a5 (17... Ne8 {
with idea of Bd8 and Qg5 prepare a defense. Placing Knight at f6 and getting
-b5 in will start some center action that White will have to respect.}) 18. Na4
$1 {Diagram # Black's last move weakened b6, and White immediately takes
advantage of it!} 18... Bd4 19. Nxd4 exd4 20. Nb6 {
Diagram # White has a positionally won game and a Pawn will come with it.}
20... Ra7 21. Nxd7 (21. f6 gxf6 22. Qh6 Ne8) 21... Qxd7 22. f6 g6 23. Qh6 {
Diagram #} 23... Ne8 24. Bh3 Qd8 25. Raf1 axb4 26. Rf4 {
Diagram # Mate threatens with Rh4, then Qh7#} 26... Nxf6 27. Rxf6 {
Diagram # Now Be6 is in sight since fxe allows Rf8+ and then mate} 27... b6 {
The a7-Rook joins the defence} 28. axb4 Re7 {Diagram #} 29. Qf4 $2 (29. R1f4
$18 {/\Rh5,Qxh7# as White had seen three moves ago.} 29... g5 (29... Qa8 30.
Rh4 Qa1+ 31. Bf1) (29... Re5 30. Rh4 {Diagram #} 30... Rh5 (30... Qxf6 $4 31.
Qxh7#) (30... Rfe8 31. Qxh7+ Kf8 32. Rxf7#) 31. Rxh5 gxh5 32. Bf5 {and mates})
30. Bf5 $1 Rfe8 31. Qxh7+ Kf8 32. Qh8#) 29... h5 30. Rxd6 Qa8 {Diagram #} 31.
Qf6 {White is in wipe-out mode} ({More sophisticated is} 31. Qh6 $1 Qb8 (31...
Qb7 $4 {Diagram #} 32. Rxg6+ fxg6 33. Rxf8#) 32. Rxg6+ $1 {
Diagram # Forces trades into an easily winning Pawn ending.} 32... fxg6 33.
Qxg6+ {Diagram #} (33. Be6+ Rff7 (33... Ref7 $2 34. Qxg6+ Kh8 35. Rxf7 {
Diagram # threatens Qg7#} 35... Rxf7 (35... Rg8 36. Qh6#) 36. Bxf7 {
threatening Qg8# or Qh6#}) 34. Qxg6+ {Diagram #} 34... Kf8 (34... Kh8 35. Bxf7
Rxf7 36. Rxf7 Qc8 37. Qg7#) 35. Bxf7 Rxf7 36. Rxf7+) 33... Kh8 (33... Rg7 $4
34. Be6+ Kh8 35. Qh6+ Rh7 36. Rxf8+ Qxf8 37. Qxf8#) 34. Qh6+ Kg8 35. Be6+ $1 {
Diagram #} 35... Rxe6 (35... Rff7 36. Qg6+ {wins a Rook}) 36. Qxe6+ Kh8 (36...
Kg7 37. Qe7+ Kg8 38. Qg5+ Kh8 (38... Kh7 39. Qe7+ Kg8 40. Rxf8+ Qxf8 41. Qxf8+
Kxf8) 39. Qh6+ Kg8 40. Rxf8+ Qxf8 41. Qxf8+ Kxf8) 37. Qh6+) 31... Rfe8 32. Rxc6
{Diagram #} 32... Kh7 33. Rc8 Qa4 34. Rxe8 Qxe8 35. Qxb6 {Diagram #} 35... Rxe4
$2 36. dxe4 Qxe4+ 37. Bg2 Qd3 {Diagram #} 38. Rxf7+ Kh6 39. Rf6 h4 {Diagram #}
40. gxh4 (40. Rxg6+ Qxg6 41. Qxg6+ Kxg6 42. gxh4) 40... Qc2 41. Rxg6+ $1 Qxg6
42. Qxg6+ Kxg6 {Diagram #} 43. Be4+ Kh5 44. Kg2 Kxh4 45. b5 Kg4 46. b6 Kf4 47.
Bh7 {A pretty, complete game by White !} 1-0

[Event "Kemper-Excaliburs"]
[Site "?"]
[Date "2003.02.18"]
[Round "?"]
[White "Wirtz, R."]
[Black "Suerth, Frank"]
[Result "0-1"]
[WhiteElo "1304"]
[BlackElo "1515"]
[PlyCount "84"]

1. e4 c5 2. Nf3 d6 3. d4 cxd4 4. Nxd4 Nc6 5. Be3 Nf6 6. Nd2 a6 7. Nxc6 bxc6 8.
Bc4 Qa5 9. c3 e6 10. b4 Qe5 11. Qc2 d5 12. Bd4 Qg5 13. O-O dxc4 14. Nxc4 Be7
15. Rfd1 Qg6 16. Nd2 O-O 17. a4 Bb7 18. Rac1 Rac8 19. e5 Qxc2 20. Rxc2 Nd5 21.
c4 Nxb4 22. Rb2 Ba8 23. c5 a5 24. Nc4 Rfd8 25. Nb6 (25. Nd6) 25... Rb8 26. Nc4
Bxc5 27. Rbd2 Bxd4 28. Rxd4 Rxd4 29. Rxd4 c5 30. Rd6 Nd5 31. g3 g5 32. Nxa5 c4
33. Nc6 Rb1+ 34. Kg2 Bxc6 35. Rxc6 c3 36. a5 Rb2 37. a6 Re2 38. Kf1 Rxe5 39. h3
c2 40. a7 Nf6 41. Kg2 g4 42. Rc3 Kg7 0-1

[Event "Excaliburs-UOP"]
[Site "?"]
[Date "2003.02.25"]
[Round "?"]
[White "Inumerable, Florin"]
[Black "Stevanovic, Mike"]
[Result "1/2-1/2"]
[WhiteElo "2251"]
[BlackElo "2214"]
[PlyCount "154"]

1. d4 d6 2. Nf3 Nd7 3. c4 e5 4. e4 Ngf6 5. Nc3 c6 6. Be2 Be7 7. O-O O-O 8. Bg5
h6 9. Be3 a6 10. h3 b5 11. a3 Bb7 12. Qc2 Rc8 13. Rfd1 Qc7 14. Rac1 Rfe8 15.
Qb1 Qb8 16. b4 Bf8 17. dxe5 Nxe5 18. Nxe5 dxe5 19. c5 Rcd8 20. Bd3 Bc8 21. Rd2
Qc7 22. Rcd1 Nh5 23. Bf1 Rxd2 24. Rxd2 Nf4 25. Qd1 Be7 26. Kh2 a5 27. g3 Ne6
28. Ne2 a4 29. Bg2 f6 30. f4 Rd8 31. f5 Rxd2 32. Qxd2 Nf8 33. g4 Bd8 34. Ng3
Qd7 35. Qc2 Qf7 36. Bf1 Bc7 37. Bd3 Bd7 38. Qd2 Be8 39. Bb1 Qd7 40. Qc1 Nh7 41.
h4 Bd8 42. Kg2 Bf7 43. Kh2 Bc4 44. Kg2 Bb3 45. Bc2 Bc4 46. Bxa4 Qd3 47. Bd1 Qd7
48. Bc2 Qa7 49. Qb2 Kf8 50. Qc3 Bg8 51. Qd3 Be7 52. Bc1 Bf7 53. Bb3 Be8 54. Ba2
Bf7 55. Bxf7 Kxf7 56. Qb3+ Kf8 57. Kf3 Qd7 58. Be3 Qa7 59. Ne2 Qa8 60. Bc1 Qa7
61. Be3 Bd8 62. Nc1 Be7 63. Ke2 Qa8 64. Kd2 Ke8 65. Kc3 Nf8 66. Kb2 Qa7 67. Qc2
Kd8 68. Nb3 Kc7 69. Na5 Nd7 70. Qd2 Qa6 71. Qc3 Qa8 72. Qe1 Qe8 73. Qd1 Qf8 74.
Qd2 Qa8 75. Qc3 Qa6 76. Kb3 Bd8 77. Kb2 Kb8 1/2-1/2

[Event "UOP-Excaliburs"]
[Site "?"]
[Date "2003.02.25"]
[Round "?"]
[White "Buerger, Ed"]
[Black "Friske, Tom"]
[Result "1-0"]
[WhiteElo "2028"]
[BlackElo "2071"]
[PlyCount "147"]

1. d4 Nf6 2. c4 g6 3. Nc3 d5 4. Nf3 Bg7 5. Qb3 dxc4 6. Qxc4 O-O 7. Bf4 Na6 8.
e4 Nd7 9. Be2 Nb6 10. Qb3 Bg4 11. Bxa6 bxa6 12. Ne5 Bc8 13. Nc6 Qe8 14. d5 e6
15. O-O Bd7 16. Nb4 a5 17. Na6 Rc8 18. Nxc7 Qe7 19. N3b5 a4 20. Qc2 Bxb5 21.
Rfc1 e5 22. Be3 Rfd8 23. Qc5 Qxc5 24. Rxc5 Bd7 25. Rac1 Bf8 26. Ra5 Rb8 27. Bg5
Rdc8 28. Rxa7 Kg7 29. Be3 Rd8 30. Kf1 Nc8 31. Na6 Nxa7 32. Nxb8 Rxb8 33. Bxa7
Rxb2 34. Rc7 Bb5+ 35. Ke1 Rxa2 36. Rb7 Bd3 37. f3 a3 38. Bb8 Rb2 39. Bxe5+ Kg8
40. Bxb2 axb2 41. Rxb2 Bd6 42. g3 Kf8 43. Kd2 Bf1 44. Ke3 h5 45. f4 Bc5+ 46.
Kf3 Ke7 47. e5 Bh3 48. Rb7+ Ke8 49. Rb5 Bg1 50. d6 Kd7 51. Rb7+ Ke8 52. Rb8+
Kd7 53. Rf8 Be6 54. Kg2 Bc5 {/\ eventually Bxd6} 55. h3 Bd5+ 56. Kh2 Be6 (56...
Bxd6 57. exd6 Kxd6 58. g4 hxg4 59. hxg4 Be6 60. Kg3 Ke7 $11) 57. g4 hxg4 58.
hxg4 Kc6 (58... Bxg4 59. Rxf7+ Kd8 60. Rf6 Bf5) 59. Kg3 Be3 60. f5 gxf5 61.
gxf5 Bxf5 62. Rxf7 Bd7 63. Kf3 Bc5 {/\Bxd6,Kxd6 drawing} 64. Ke4 Ba3 (64...
Bxd6 $2 65. Rf6 $18) 65. Rf2 Be6 66. Rh2 Kd7 (66... Bxd6 67. Rc2+ (67. Rh6 $2
Kd7 $11) 67... Kd7 68. Rd2 $18) 67. Rh7+ Kd8 68. Re7 Bb3 69. Kf5 Bc2+ 70. Kf6
Bb3 $2 (70... Ba4 71. e6 $2 Bxd6) 71. e6 Bd5 (71... Bxd6 72. Rd7+ Ke8 73. Rxd6)
72. Ra7 Bb2+ 73. Kf7 Bc1 74. Rd7+ {/\Rc7+-xc1} 1-0

[Event "Excaliburs-UOP"]
[Site "?"]
[Date "2003.02.25"]
[Round "?"]
[White "Sollano, Ely"]
[Black "Revellon, Lucas"]
[Result "1/2-1/2"]
[WhiteElo "1996"]
[BlackElo "1937"]
[PlyCount "166"]

1. Nf3 d5 2. d4 Nf6 3. Bg5 e6 4. e3 Nbd7 5. Bd3 Be7 6. Nbd2 c6 7. O-O O-O 8.
Re1 Re8 9. c3 Nf8 10. Ne5 N6d7 11. Bxe7 Rxe7 12. f4 f5 13. Ndf3 Nxe5 14. dxe5
Bd7 15. Qb3 b5 16. Qa3 Be8 17. Rac1 Rc7 18. Ng5 Qe7 19. Qa5 Rb8 20. b4 c5 21.
Be2 c4 22. Rb1 Rcb7 23. Nf3 Rb6 24. Nd4 Qb7 25. Qa3 Qe7 26. Qc1 g5 27. fxg5
Qxg5 28. Rf1 Qg7 29. e4 dxe4 30. a4 a6 31. axb5 axb5 32. Ra1 Qxe5 33. Qg5+ Qg7
34. Qe3 Ng6 35. Ra2 Qe5 36. Qg5 R6b7 37. Ra6 Bd7 38. h4 Kh8 39. h5 Nf8 40. Rfa1
Qg7 41. Qh4 h6 42. Kh1 Qg5 43. Qh2 f4 44. Rf1 e5 45. Nc6 Bxc6 46. Rxc6 Rb6 47.
Rxb6 Rxb6 48. Ra1 Rd6 49. Qh3 Ne6 50. Ra8+ Kh7 51. Ra7+ Ng7 52. Rd7 Rxd7 53.
Qxd7 Qh4+ 54. Kg1 Qe1+ 55. Bf1 f3 (55... e3 {/\e2,Qxf1+,e1Q} 56. Qd6 e2 57.
Qg6+ Kh8) 56. gxf3 Qg3+ 57. Kh1 exf3 58. Bh3 Qg5 59. Kh2 f2 60. Qd1 Nxh5 61.
Qc2+ Kg7 62. Qxf2 Qf4+ 63. Qxf4 Nxf4 64. Bd7 Ne2 65. Bxb5 Nxc3 66. Bxc4 Na4 67.
b5 Kf6 68. Kg3 Nb6 69. Bb3 Ke7 70. Kg4 Kd6 71. Kf5 h5 72. Kg5 Kc5 73. Kxh5 Kxb5
74. Kg4 Kc5 75. Kf3 Kd4 76. Ke2 e4 77. Be6 Na4 78. Bg4 Nc3+ 79. Ke1 Nd5 80. Be2
Nf4 81. Ba6 e3 82. Bb5 Nd5 83. Be2 Nb4 {DRAW AGREED in another 20 moves}
1/2-1/2

[Event "UOP-Excaliburs"]
[Site "?"]
[Date "2003.02.25"]
[Round "?"]
[White "Boldingh, Ed"]
[Black "Kogan, Greg"]
[Result "0-1"]
[WhiteElo "1891"]
[BlackElo "1792"]
[PlyCount "68"]

1. e4 c5 2. Nf3 d6 3. d4 cxd4 4. Nxd4 Nf6 5. Nc3 Nc6 6. Be2 Nxd4 7. Qxd4 e5 8.
Qd3 Be7 9. Qg3 Be6 10. Bb5+ Bd7 11. Bxd7+ Qxd7 12. Bg5 O-O 13. Bxf6 Bxf6 14.
O-O Bd8 15. Rad1 Qc6 16. Rd2 f5 17. Rfd1 fxe4 18. Rxd6 Qc5 19. Rd7 g6 20. Rxb7
Bc7 21. Rd7 Rac8 22. Nd5 Rf7 23. Rxf7 Qxd5 24. h3 Qxf7 25. Qc3 e3 26. Qxe3 Qxa2
27. Qc3 Qf7 28. Rxa7 e4 29. Kf1 Qd5 30. Ke2 Qb5+ 31. Ke1 Qb6 32. Qc4+ Kf8 33.
Ra6 Qxb2 34. Rf6+ Qxf6 0-1

[Event "Excaliburs-UOP"]
[Site "?"]
[Date "2003.02.25"]
[Round "?"]
[White "Sullivan, Jim"]
[Black "Sajbel, Pat"]
[Result "1-0"]
[WhiteElo "1782"]
[BlackElo "1819"]
[PlyCount "78"]

1. d4 Nf6 2. c4 b6 3. Nc3 Bb7 4. Bf4 e6 5. e3 Bb4 6. Nf3 O-O 7. Bd3 c5 8. O-O
Bxc3 9. bxc3 d5 10. Qe2 Nc6 11. Rac1 Ne7 12. Rfd1 Ng6 13. Bg3 Qe7 14. cxd5 exd5
15. c4 dxc4 16. Bxc4 Ne4 17. dxc5 Nxg3 18. hxg3 bxc5 19. Bd5 Rab8 20. Qc4 Rfc8
21. e4 Kf8 22. Bxb7 Rxb7 23. Rd5 Rbc7 24. Rcd1 Rb7 25. Rc1 Rbc7 26. Nd2 Ne5 27.
Qc3 f6 28. f4 Nd7 29. e5 Nb6 30. Rd6 fxe5 31. fxe5 c4 32. Rf1+ Kg8 33. Rf4 Rc5
34. Nf3 Nd7 35. Qd4 Nxe5 36. Nxe5 Rxe5 37. Rf3 (37. Rd7 {weakness of g7 and Re5
} 37... Re1+ 38. Kh2 Qg5 39. Rff7 Qh6+ 40. Qh4 Qxh4+ 41. gxh4 c3 42. Rxg7+ Kf8
43. Rxh7 {idea Rh8#} 43... Ke8 (43... Kg8 44. Rdg7+ Kf8 45. Rxa7 Kg8 46. Rhc7)
44. Rxa7 Rf1 45. Rhc7 $18 (45. Rh8+ Rf8 46. Rxf8+ Kxf8 $19)) 37... Re1+ 38. Kh2
c3 39. Qd5+ Kh8 {No more moves recorded. Black blundered in time scramble.} 1-0

[Event "UOP-Excaliburs"]
[Site "?"]
[Date "2003.02.25"]
[Round "?"]
[White "Lechnick, Jay"]
[Black "Weitz, Ron"]
[Result "0-1"]
[WhiteElo "1694"]
[BlackElo "1633"]
[PlyCount "128"]

1. e4 b6 2. d4 e6 3. Nc3 Bb7 4. Nge2 g6 5. Be3 Bg7 6. Qd2 Ne7 7. O-O-O O-O 8.
h4 f5 9. e5 Nd5 10. Bh6 Qe7 11. Bg5 Qf7 12. Nxd5 Bxd5 13. Nc3 c6 14. Nxd5 cxd5
15. h5 Nc6 16. Be2 f4 17. hxg6 Qxg6 18. Bxf4 Rac8 19. Bd3 Rf5 20. Bxf5 Qxf5 21.
g4 Qg6 22. Qd3 Qxd3 23. Rxd3 Nb4 24. Rd2 Rf8 25. Be3 Rf3 26. c3 Nc6 27. Rdd1
Ne7 28. Rh2 Ng6 29. g5 Nf8 30. Rdh1 Kf7 31. Rh3 Rf5 32. Kd2 Kg6 33. Rc1 d6 34.
exd6 Nd7 35. Rch1 Nf8 36. d7 Nxd7 37. Rxh7 e5 38. R7h2 Nf8 39. Rc1 Ne6 40. Rh4
exd4 41. cxd4 Rf3 42. Rg1 Rf7 43. Kd3 Rf3 44. Ke2 Rf7 45. Rhg4 Re7 46. Kd3 a5
47. Rc1 Rc7 48. Rxc7 Nxc7 49. Rg1 Ne6 50. Rc1 Kf5 51. Rc6 b5 52. Rb6 b4 53. Rb5
Bf8 54. Rxd5+ Kg6 55. Rxa5 Kf7 56. a3 bxa3 57. bxa3 Be7 58. Ra7 Ng7 59. a4 Nf5
60. a5 Kg6 61. Rxe7 Nxe7 62. a6 Nc8 63. d5 Kf7 64. d6 Nxd6 0-1

[Event "UOP-Excaliburs"]
[Site "?"]
[Date "2003.02.25"]
[Round "?"]
[White "Micklich, Frank"]
[Black "Brotsos, Jim"]
[Result "1-0"]
[WhiteElo "1652"]
[BlackElo "1533"]
[PlyCount "73"]

1. e4 c5 2. Nf3 d6 3. d4 cxd4 4. Nxd4 Nf6 5. Nc3 Nc6 6. f3 a6 7. Be3 g6 8. Qd2
Bg7 9. Bc4 O-O 10. O-O-O Bd7 11. Bb3 Rc8 12. Kb1 Na5 13. h4 h5 14. Bg5 Nxb3 15.
cxb3 Bc6 16. Bh6 Re8 17. Bxg7 Kxg7 18. Nxc6 Rxc6 19. e5 Nd7 20. e6 fxe6 21. Ne4
Rf8 22. Ng5 d5 23. g4 Nf6 24. Qd4 Qb6 25. Qe5 Kh6 26. gxh5 Nxh5 27. Rc1 Rxc1+
28. Rxc1 Qd6 29. Qe3 Nf4 30. Qd2 e5 31. Re1 Kh5 32. Rg1 Rf5 33. a3 Qf6 34. Ka2
Ne6 35. Nxe6 Qxe6 36. Rg5+ Kxh4 37. Rg4+ 1-0